[Event "40th Olympiad Open"]
[Site "Istanbul TUR"]
[Date "2012.09.03"]
[Round "6.16"]
[White "Dzhumaev, Marat"]
[Black "Milos, Gilberto"]
[Result "1-0"]
[WhiteTitle "GM"]
[BlackTitle "GM"]
[WhiteElo "2499"]
[BlackElo "2593"]
[WhiteTeam "Uzbekistan"]
[BlackTeam "Brazil"]
[WhiteFideId "14200236"]
[BlackFideId "2100029"]
[EventDate "2012.08.28"]

1. d4 Nf6 2. Nc3 g6 3. e4 d6 4. Nf3 Bg7 5. Be2 O-O 6. O-O c5 7. dxc5 dxc5 8. h3
Nc6 9. e5 Nd7 10. e6 fxe6 11. Ne4 b6 12. c3 Nf6 13. Qc2 Nd5 14. Re1 Qe8 15. Bd2
h6 16. Ng3 Bb7 17. Bd3 Rf6 18. Nh2 g5 19. Ng4 Qf7 20. Rad1 Kh8 21. Bc1 Rf8 22.
Be4 c4 23. Nxf6 exf6 24. Nf5 Rd8 25. Ne3 Ne5 26. b3 Rc8 27. bxc4 Nxc4 28. Nxd5
Bxd5 29. Bxd5 exd5 30. Qf5 Rc5 31. Rd3 Kg8 32. Red1 Nd6 33. Qf3 Ne4 34. c4 Rxc4
35. Rxd5 Bf8 36. Rd8 b5 37. Be3 f5 38. Ra8 g4 39. hxg4 fxg4 40. Qxg4+ Ng5 41.
Qg3 1-0

[Event "40th Olympiad Open"]
[Site "Istanbul TUR"]
[Date "2012.09.03"]
[Round "6.16"]
[White "Mekhitarian, Krikor Sevag"]
[Black "Kvon, Andrey"]
[Result "0-1"]
[WhiteTitle "GM"]
[BlackTitle "IM"]
[WhiteElo "2511"]
[BlackElo "2492"]
[WhiteTeam "Brazil"]
[BlackTeam "Uzbekistan"]
[WhiteFideId "2107660"]
[BlackFideId "14201356"]
[EventDate "2012.08.28"]

1. e4 c5 2. Nf3 Nc6 3. d4 cxd4 4. Nxd4 Qb6 5. Nb3 Nf6 6. Nc3 e6 7. Qe2 d6 8. g4
h6 9. h4 a6 10. Rg1 Nd7 11. Be3 Qc7 12. f4 b5 13. Qf2 Bb7 14. O-O-O Be7 15. Kb1
g5 16. fxg5 b4 17. Na4 hxg5 18. Bxg5 Nce5 19. Bxe7 Kxe7 20. Nd4 Bxe4 21. Bg2
Bxg2 22. Rxg2 Qb7 23. b3 Rag8 24. Rf1 Rh7 25. Rfg1 Qe4 26. Re1 Qb7 27. Reg1 Qd5
28. Qd2 Qb7 29. h5 Nf6 30. Rd1 Ne4 31. Qf4 Rxh5 32. gxh5 Rxg2 33. Qh4+ Ng5 34.
Qh1 Qe4 35. Nb6 Rd2 36. Qg1 Nef3 37. Nc8+ Kd7 38. Nb6+ Ke8 0-1

[Event "40th Olympiad Open"]
[Site "Istanbul TUR"]
[Date "2012.09.03"]
[Round "6.17"]
[White "Leon Hoyos, Manuel"]
[Black "Sambuev, Bator"]
[Result "1-0"]
[WhiteTitle "GM"]
[BlackTitle "GM"]
[WhiteElo "2579"]
[BlackElo "2523"]
[WhiteTeam "Mexico"]
[BlackTeam "Canada"]
[WhiteFideId "5105269"]
[BlackFideId "4128290"]
[EventDate "2012.08.28"]

1. c4 e6 2. g3 d5 3. Nf3 dxc4 4. Qa4+ Nd7 5. Qxc4 a6 6. Qc2 b5 7. Bg2 Bb7 8. O-O
Ngf6 9. a4 Be7 10. axb5 axb5 11. Rxa8 Qxa8 12. d3 O-O 13. Nbd2 c5 14. b3 Nd5 15.
Bb2 Nb4 16. Qb1 e5 17. Bh3 f5 18. Nxe5 Nxe5 19. Bxe5 g5 20. Rc1 Qd8 21. Bc3 Nd5
22. Bg2 g4 23. Ba1 Qd7 24. Qa2 Ra8 25. Qc2 Bg5 26. e4 Nb4 27. Qc3 Qd4 28. exf5
Bxg2 29. Kxg2 Nxd3 30. Rd1 Qxc3 31. Bxc3 b4 32. Bxb4 cxb4 33. Ne4 Rd8 34. Kf1
Ne5 35. Ra1 Nf3 36. Ke2 Rd4 37. Ra8+ Kf7 38. Ra7+ Be7 39. Ke3 Ke8 40. f6 Bd8 41.
h3 Rd1 42. Rxh7 Re1+ 43. Kd3 Ne5+ 44. Kd4 Nf7 45. h4 Kf8 46. Kd5 Ra1 47. Ke6 Ra7
48. Nc5 Ng5+ 49. hxg5 Rxh7 50. Nd3 Rb7 51. Kf5 Rd7 52. Nf4 Rd2 53. Ne6+ Ke8 54.
Kg6 Rxf2 55. Nxd8 Kxd8 56. Kf7 Ra2 57. g6 Ra7+ 58. Kf8 Ra6 59. Kg7 Ra8 60. Kh7
Ke8 61. Kg8 Kd7+ 62. Kf7 Kd6 63. g7 Ke5 64. Kg6 Ra6 65. g8=Q Rxf6+ 66. Kg5 Rf3
67. Kxg4 Rc3 68. Kh4 Kd4 69. g4 1-0

[Event "40th Olympiad Open"]
[Site "Istanbul TUR"]
[Date "2012.09.03"]
[Round "6.17"]
[White "Gerzhoy, Leonid"]
[Black "Gonzalez Zamora, Juan Carlos"]
[Result "1/2-1/2"]
[WhiteTitle "IM"]
[BlackTitle "GM"]
[WhiteElo "2448"]
[BlackElo "2553"]
[WhiteTeam "Canada"]
[BlackTeam "Mexico"]
[WhiteFideId "2806126"]
[BlackFideId "3507548"]
[EventDate "2012.08.28"]

1. d4 d5 2. Nf3 Nf6 3. e3 g6 4. b4 Bg7 5. Bb2 O-O 6. Nbd2 Bg4 7. Be2 Nbd7 8. c4
c6 9. O-O a5 10. a3 Re8 11. h3 Bxf3 12. Nxf3 e6 13. Qb3 Ne4 14. Rac1 Qb8 15. Rc2
axb4 16. axb4 b5 17. c5 f5 18. Bd3 Bf6 19. Ra1 Qc7 20. Rcc1 Kf7 21. Ra3 Rxa3 22.
Qxa3 e5 23. Ra1 Nxf2 24. Kxf2 e4 25. Qa7 Qc8 26. Bxb5 exf3 27. Bf1 fxg2 28. Bxg2
Re7 29. b5 Bh4+ 30. Ke2 Nf6 31. Qa8 Qe6 32. Bc1 f4 33. Ra7 Qf5 34. Rxe7+ Kxe7
35. Qb7+ Kf8 36. Qb8+ Kg7 37. Qc7+ Kg8 38. Qb8+ Kg7 39. Qc7+ Kg8 40. Qxf4 Qc2+
41. Bd2 Qc4+ 42. Kd1 Qb3+ 43. Kc1 Qa3+ 44. Kc2 Qa2+ 1/2-1/2

[Event "40th Olympiad Open"]
[Site "Istanbul TUR"]
[Date "2012.09.03"]
[Round "6.18"]
[White "Petrik, Tomas"]
[Black "Flores, Diego"]
[Result "0-1"]
[WhiteTitle "GM"]
[BlackTitle "GM"]
[WhiteElo "2529"]
[BlackElo "2589"]
[WhiteTeam "Slovakia"]
[BlackTeam "Argentina"]
[WhiteFideId "14901625"]
[BlackFideId "108049"]
[EventDate "2012.08.28"]

1. d4 Nf6 2. c4 g6 3. g3 Bg7 4. Bg2 O-O 5. Nf3 d6 6. Nc3 c5 7. dxc5 dxc5 8. Qxd8
Rxd8 9. Ne5 Ne8 10. Nd3 Nc6 11. Bf4 Rd4 12. Bxc6 bxc6 13. Be5 Rxc4 14. Bxg7 Kxg7
15. Rc1 Bf5 16. b3 Rd4 17. Nxc5 Rad8 18. f3 Nc7 19. Kf2 Nb5 20. N5a4 e5 21. Rhd1
Na3 22. Rxd4 exd4 23. Nd1 Bc2 24. Ndb2 Re8 25. Nc4 Nxc4 26. Rxc2 Ne5 27. Nc5 Rd8
28. Nd3 Nxd3+ 29. exd3 Rd6 30. g4 Kf6 31. Rc5 Re6 32. g5+ Ke7 33. Rc4 Rd6 34. f4
f5 35. gxf6+ Kxf6 36. Kf3 g5 37. Rc5 gxf4 38. Kxf4 Ke7 39. Ra5 Rh6 40. Rxa7+ Kd6
41. Kg3 Rg6+ 42. Kf3 Rh6 43. Kg3 Rg6+ 44. Kf3 Rh6 45. Kg2 Rg6+ 46. Kh1 Re6 47.
Rxh7 Re3 48. Rf7 Rxd3 49. Kg2 Rc3 50. Rf2 Ke5 51. Kf1 d3 52. Ke1 Ke4 53. Kd1 Ke3
54. Rg2 Rc5 55. Rg3+ Kd4 56. Rg4+ Ke3 57. Rg3+ Kd4 58. Rg6 Rc2 59. Rd6+ Ke3 60.
Re6+ Kd4 61. a4 c5 62. Rg6 Kc3 63. Rc6 Kxb3 64. a5 c4 65. a6 Ra2 66. Rd6 Kc3 67.
Ke1 Kc2 68. h4 Rxa6 69. Rd4 c3 70. h5 d2+ 0-1

[Event "40th Olympiad Open"]
[Site "Istanbul TUR"]
[Date "2012.09.03"]
[Round "6.18"]
[White "Jurcik, Marian"]
[Black "Lorenzini, Martin"]
[Result "1-0"]
[WhiteTitle "IM"]
[WhiteElo "2486"]
[BlackElo "2482"]
[WhiteTeam "Slovakia"]
[BlackTeam "Argentina"]
[WhiteFideId "14907518"]
[BlackFideId "105570"]
[EventDate "2012.08.28"]

1. e4 d6 2. d4 Nf6 3. f3 e5 4. Ne2 Be7 5. Be3 Nh5 6. Qd2 h6 7. Nbc3 Nc6 8. O-O-O
exd4 9. Nxd4 Nxd4 10. Qxd4 Bf6 11. Qd2 g5 12. Nd5 Be5 13. Bd4 c6 14. Bxe5 dxe5
15. Qc3 f6 16. Nf4 Qxd1+ 17. Kxd1 Nxf4 18. Kc1 Bd7 19. Qa3 Be6 20. g3 Ng6 21.
Be2 Kf7 22. Rd1 a6 23. Qb4 Rab8 24. Bc4 Rhe8 25. Rd7+ Re7 26. Bxe6+ 1-0

[Event "40th Olympiad Open"]
[Site "Istanbul TUR"]
[Date "2012.09.03"]
[Round "6.19"]
[White "Georgiev, Vladimir"]
[Black "Smerdon, David"]
[Result "1/2-1/2"]
[WhiteTitle "GM"]
[BlackTitle "GM"]
[WhiteElo "2566"]
[BlackElo "2507"]
[WhiteTeam "FYROM"]
[BlackTeam "Australia"]
[WhiteFideId "2903024"]
[BlackFideId "3202305"]
[EventDate "2012.08.28"]

1. d4 e6 2. c4 f5 3. Nc3 Nf6 4. Nf3 Bb4 5. Qc2 O-O 6. a3 Bxc3+ 7. Qxc3 b6 8. g3
Bb7 9. Bh3 a5 10. O-O Ne4 11. Qc2 a4 12. Be3 d5 13. Rac1 Ra7 14. cxd5 Bxd5 15.
Ne5 Qf6 16. f3 Nd6 17. Qd2 Nf7 18. Bf4 g5 19. Nxf7 gxf4 20. Ne5 fxg3 21. Qf4 c5
22. dxc5 bxc5 23. hxg3 Nd7 24. Nxd7 Rxd7 25. Rxc5 Qxb2 26. Rfc1 Qxa3 27. Qe5 Qb4
28. Rxd5 exd5 29. Bxf5 Rg7 30. Kg2 a3 31. Rh1 Qd2 32. Be6+ Kh8 33. f4 Qc2 34.
Bxd5 Qf5 35. Qxf5 Rxf5 36. e4 Rxf4 37. Ra1 h5 38. Rxa3 Rf8 39. Ra6 Rg5 40. Be6
Rd8 41. Ra3 Re8 42. Bf5 Reg8 43. Kh3 Kg7 44. Ra6 Kf8 45. Ra3 Ke7 1/2-1/2

[Event "40th Olympiad Open"]
[Site "Istanbul TUR"]
[Date "2012.09.03"]
[Round "6.19"]
[White "Ly, Moulthun"]
[Black "Bogdanovski, Vlatko"]
[Result "1-0"]
[WhiteTitle "IM"]
[BlackTitle "GM"]
[WhiteElo "2397"]
[BlackElo "2448"]
[WhiteTeam "Australia"]
[BlackTeam "FYROM"]
[WhiteFideId "3204405"]
[BlackFideId "15000206"]
[EventDate "2012.08.28"]

1. e4 c6 2. d4 d5 3. e5 Bf5 4. Nf3 e6 5. Be2 Nd7 6. O-O Ne7 7. Nh4 Bg6 8. Nd2 c5
9. c3 Nc6 10. Nxg6 hxg6 11. Nf3 Qb6 12. g3 Be7 13. Kg2 Rc8 14. Rb1 a6 15. Be3
cxd4 16. cxd4 Na5 17. Bd3 Nc4 18. Bc1 Qa5 19. b3 Na3 20. b4 Bxb4 21. Bxa3 Qxa3
22. Rb3 Qa4 23. Qb1 Be7 24. Rxb7 O-O 25. Ra7 Ra8 26. Bc2 Qc6 27. Qb7 Qxc2 28.
Rxa8 Rxa8 29. Qxa8+ Nf8 30. Qxa6 g5 31. h3 Qf5 32. Qb7 Ng6 33. Qb1 1-0

[Event "40th Olympiad Open"]
[Site "Istanbul TUR"]
[Date "2012.09.03"]
[Round "6.19"]
[White "Pancevski, Filip"]
[Black "Wohl, Aleksandar H."]
[Result "1-0"]
[WhiteTitle "IM"]
[BlackTitle "IM"]
[WhiteElo "2461"]
[BlackElo "2411"]
[WhiteTeam "FYROM"]
[BlackTeam "Australia"]
[WhiteFideId "15002187"]
[BlackFideId "3200345"]
[EventDate "2012.08.28"]

1. e4 e5 2. Nf3 Nc6 3. Bc4 Nf6 4. d3 Bc5 5. c3 d6 6. Bb3 Bb6 7. Nbd2 O-O 8. h3
Be6 9. Bc2 d5 10. O-O dxe4 11. dxe4 Nd7 12. Qe2 Qf6 13. Nc4 h6 14. Ne3 Ne7 15.
Ng4 Bxg4 16. hxg4 Ng6 17. g3 Qe6 18. Nh2 a5 19. Bb3 Qe7 20. Kg2 Nc5 21. Bc4 Ne6
22. Nf3 c6 23. Rh1 Rfe8 24. a4 Bd8 25. Be3 Qd7 26. Rad1 Qc8 27. Kf1 Rb8 28. Rh5
Bf6 29. g5 hxg5 30. Bxg5 Rd8 31. Bxf6 gxf6 32. Rxd8+ Nxd8 33. Nh2 b5 34. axb5
cxb5 35. Bd5 Ne7 36. Qd2 1-0

[Event "40th Olympiad Open"]
[Site "Istanbul TUR"]
[Date "2012.09.03"]
[Round "6.19"]
[White "Solomon, Stephen J."]
[Black "Kizov, Atanas"]
[Result "0-1"]
[WhiteTitle "IM"]
[BlackTitle "IM"]
[WhiteElo "2378"]
[BlackElo "2418"]
[WhiteTeam "Australia"]
[BlackTeam "FYROM"]
[WhiteFideId "3200043"]
[BlackFideId "15001270"]
[EventDate "2012.08.28"]

1. e4 e5 2. Nf3 Nc6 3. Bb5 Nf6 4. O-O Nxe4 5. d4 Nd6 6. Bxc6 dxc6 7. dxe5 Nf5 8.
Qxd8+ Kxd8 9. Nc3 Bd7 10. h3 h6 11. b3 b6 12. Bb2 Kc8 13. Rad1 Ne7 14. Rd2 c5
15. Rfd1 Be6 16. Ne2 g5 17. Rd8+ Kb7 18. Rxa8 Kxa8 19. h4 g4 20. Nh2 Nc6 21. Nf4
h5 22. Nxe6 fxe6 23. g3 Be7 24. f3 gxf3 25. Nxf3 Rg8 26. Kf2 c4 27. Bc1 cxb3 28.
axb3 Kb7 29. Bg5 Bc5+ 30. Kg2 b5 31. Bf4 a5 32. Ng5 Re8 33. Ne4 Bd4 34. Re1 b4
35. Nf6 Rh8 36. Re4 Bc3 37. Rc4 Bd4 38. Kh3 Kb6 39. g4 hxg4+ 40. Kxg4 Kb5 41.
Rxc6 Kxc6 42. h5 Kb5 43. Kf3 a4 44. bxa4+ Kxa4 45. Ke4 c5 46. h6 Bc3 47. Kd3 Kb5
48. Ne4 c4+ 49. Ke2 Bd4 50. Kd2 Kc6 51. c3 Bxc3+ 52. Nxc3 bxc3+ 53. Kxc3 Kd5 54.
Be3 Rb8 55. Bf4 Rb3+ 56. Kc2 Rh3 57. Bc1 Kd4 58. h7 Rxh7 59. Bb2+ Kd5 60. Kc3
Rh3+ 61. Kc2 Rh2+ 62. Kc1 Rxb2 63. Kxb2 Kxe5 0-1

[Event "40th Olympiad Open"]
[Site "Istanbul TUR"]
[Date "2012.09.03"]
[Round "6.20"]
[White "Bacallao Alonso, Yusnel"]
[Black "Nezad, Husein Aziz"]
[Result "1-0"]
[WhiteTitle "IM"]
[BlackTitle "IM"]
[WhiteElo "2583"]
[BlackElo "2393"]
[WhiteTeam "Cuba"]
[BlackTeam "Qatar"]
[WhiteFideId "3507416"]
[BlackFideId "12100293"]
[EventDate "2012.08.28"]

1. Nf3 d5 2. b3 Bg4 3. e3 Nd7 4. Bb2 Ngf6 5. h3 Bxf3 6. Qxf3 e6 7. g4 Bd6 8. g5
Ne4 9. h4 Be5 10. c3 g6 11. d3 Nd6 12. Nd2 Qe7 13. d4 Bg7 14. c4 dxc4 15. Bxc4
c5 16. Ba3 Rc8 17. Rd1 b5 18. Be2 a5 19. Bxc5 Nxc5 20. dxc5 Rxc5 21. Qa8+ Rc8
22. Bxb5+ Kf8 23. Qa6 Bc3 24. O-O Rb8 25. Ba4 h6 26. Nf3 Nf5 27. Qd3 Bb4 28. e4
Nxh4 29. Nxh4 hxg5 30. Qg3 Rc8 31. Nf3 Rc3 32. Qe5 Rh5 33. Rd7 Rxf3 34. Rxe7
Bxe7 35. Rc1 Bf6 36. Qb8+ Kg7 37. e5 Be7 38. Rc7 Bb4 39. Rc8 g4 40. Rg8+ Kh6 41.
Qd8 1-0

[Event "40th Olympiad Open"]
[Site "Istanbul TUR"]
[Date "2012.09.03"]
[Round "6.21"]
[White "Papaioannou, Ioannis"]
[Black "Khader, Sami"]
[Result "1-0"]
[WhiteTitle "GM"]
[BlackTitle "IM"]
[WhiteElo "2606"]
[BlackElo "2392"]
[WhiteTeam "Greece"]
[BlackTeam "Jordan"]
[WhiteFideId "4201345"]
[BlackFideId "8100500"]
[EventDate "2012.08.28"]

1. d4 Nf6 2. Nf3 c5 3. c4 cxd4 4. Nxd4 e5 5. Nb5 d5 6. cxd5 Bc5 7. N5c3 O-O 8.
g3 Qb6 9. e3 Bg4 10. Be2 Bh3 11. g4 Ne8 12. Nd2 Qh6 13. Rg1 f5 14. g5 Qh4 15.
Nf3 Qb4 16. Nxe5 Bd6 17. Qd4 Na6 18. a3 Qc5 19. Nd7 Qc7 20. Nxf8 Bxh2 21. Ne6
Qd6 22. Nb5 Qb8 23. Rh1 Bg2 24. d6 Be5 25. Qxe5 Bxh1 26. Bd2 Bc6 27. Bc3 Bxb5
28. Bxb5 Qxd6 29. Qxd6 Nxd6 30. Bxa6 bxa6 31. Nxg7 1-0

[Event "40th Olympiad Open"]
[Site "Istanbul TUR"]
[Date "2012.09.03"]
[Round "6.21"]
[White "Samhouri, A."]
[Black "Mastrovasilis, Dimitrios"]
[Result "0-1"]
[WhiteTitle "FM"]
[BlackTitle "GM"]
[WhiteElo "2373"]
[BlackElo "2618"]
[WhiteTeam "Jordan"]
[BlackTeam "Greece"]
[WhiteFideId "8100640"]
[BlackFideId "4202694"]
[EventDate "2012.08.28"]

1. d4 d5 2. c4 e6 3. Nc3 a6 4. e4 dxe4 5. Nxe4 Bb4+ 6. Nc3 c5 7. a3 Ba5 8. Be3
Nf6 9. Nf3 cxd4 10. Nxd4 Bxc3+ 11. bxc3 O-O 12. Be2 e5 13. Nf3 Qc7 14. Qb3 Nbd7
15. Nd2 Nc5 16. Qb4 b6 17. Rb1 Nfd7 18. O-O a5 19. Qb2 Bb7 20. f3 Bc6 21. Nb3
Ne6 22. Rfd1 Rab8 23. Qd2 Ba4 24. Qd6 Rfc8 25. Qxc7 Rxc7 26. Rd5 Kf8 27. Kf2
Rbb7 28. g3 f6 29. h4 Ke7 30. Rd2 h6 31. Rdb2 Bxb3 32. Rxb3 Nec5 33. R3b2 Na4
34. Rc2 Ndc5 35. Rd1 Rd7 36. Rd5 Ke6 37. Rxd7 Rxd7 38. g4 g5 39. hxg5 hxg5 40.
Rc1 Rd6 41. Rc2 Kd7 42. Rc1 Kc6 43. Rc2 Kd7 44. Kf1 Ne6 45. Rc1 Nf4 46. Rc2 Kc6
47. Kf2 Rd8 48. Ke1 Rd7 49. Kf2 Rh7 50. Bxf4 exf4 51. Bd3 Rh2+ 52. Ke1 Rxc2 53.
Bxc2 Nb2 54. Ke2 Kc5 55. Bb3 a4 56. Bc2 Kxc4 57. Kd2 b5 58. Bf5 Kb3 59. Bd7 Nc4+ 0-1

[Event "40th Olympiad Open"]
[Site "Istanbul TUR"]
[Date "2012.09.03"]
[Round "6.21"]
[White "Banikas, Hristos"]
[Black "Mansour, Sameer"]
[Result "1-0"]
[WhiteTitle "GM"]
[BlackTitle "FM"]
[WhiteElo "2623"]
[BlackElo "2244"]
[WhiteTeam "Greece"]
[BlackTeam "Jordan"]
[WhiteFideId "4202031"]
[BlackFideId "8100144"]
[EventDate "2012.08.28"]

1. d4 Nf6 2. c4 e6 3. Nf3 Nc6 4. a3 d5 5. Nc3 a6 6. e3 Bd6 7. c5 Be7 8. Bd3 e5
9. Nxe5 Nxe5 10. dxe5 Ng4 11. Be2 Nxe5 12. Qxd5 Nd7 13. b4 c6 14. Qb3 Ne5 15.
O-O O-O 16. Bb2 Be6 17. Qc2 f5 18. Na4 Qc7 19. f4 Nd7 20. e4 Rae8 21. Bc4 Bxc4
22. Qxc4+ Kh8 23. e5 a5 24. Bd4 Rd8 25. e6 Nf6 26. Be5 b5 27. Bxc7 bxc4 28. Bxd8
Rxd8 29. Rfc1 axb4 30. axb4 Ne4 31. Rxc4 g5 32. fxg5 Bxg5 33. Rac1 Bxc1 34. Rxc1
Kg7 35. Nb6 Kf6 36. b5 cxb5 37. c6 Rg8 38. c7 Nd6 39. c8=Q Nxc8 40. Nxc8 Kxe6
41. Na7 Kd5 1-0

[Event "40th Olympiad Open"]
[Site "Istanbul TUR"]
[Date "2012.09.03"]
[Round "6.21"]
[White "Aboudi, Marwan"]
[Black "Halkias, Stelios"]
[Result "0-1"]
[BlackTitle "GM"]
[WhiteElo "2160"]
[BlackElo "2574"]
[WhiteTeam "Jordan"]
[BlackTeam "Greece"]
[WhiteFideId "8100160"]
[BlackFideId "4201809"]
[EventDate "2012.08.28"]

1. e4 c5 2. b3 e6 3. Bb2 b6 4. d4 cxd4 5. Nf3 Nf6 6. Nbd2 Bb4 7. Bd3 Bc3 8. Qc1
Nc6 9. Bxc3 dxc3 10. Nb1 O-O 11. Nxc3 d6 12. O-O a6 13. Qe3 Qc7 14. Na4 Rb8 15.
c4 Ng4 16. Qe2 d5 17. g3 dxc4 18. bxc4 Nge5 19. Nxe5 Nxe5 20. Rac1 Rd8 21. Rfd1
Bd7 22. Nb2 h6 23. Bb1 Nc6 24. c5 bxc5 25. Rxc5 Qa7 26. Rdc1 Nd4 27. Qe3 e5 28.
Nd3 Bg4 29. Rc7 Qb6 30. Kf1 Be2+ 31. Kg2 Bf3+ 32. Kf1 Qe6 33. Ne1 Qh3+ 0-1

[Event "40th Olympiad Open"]
[Site "Istanbul TUR"]
[Date "2012.09.03"]
[Round "6.22"]
[White "Winants, Luc"]
[Black "Van Wely, Loek"]
[Result "1/2-1/2"]
[WhiteTitle "GM"]
[BlackTitle "GM"]
[WhiteElo "2543"]
[BlackElo "2691"]
[WhiteTeam "Belgium"]
[BlackTeam "Netherlands"]
[WhiteFideId "200018"]
[BlackFideId "1000268"]
[EventDate "2012.08.28"]

1. d4 d5 2. c4 c6 3. Nf3 Nf6 4. Nc3 dxc4 5. a4 e6 6. e3 c5 7. Bxc4 Nc6 8. O-O
Be7 9. Qe2 cxd4 10. Nxd4 Nxd4 11. exd4 O-O 12. Rd1 Nd5 13. Nxd5 exd5 14. Bxd5
Qxd5 15. Qxe7 Bd7 16. Bf4 Rac8 17. Qd6 Bc6 18. Qxd5 Bxd5 19. Rdc1 Rfd8 20. Bc7
Re8 21. b4 f6 22. f3 Re2 23. Rc5 Bb3 24. Bg3 Rxc5 25. dxc5 Ra2 26. Rxa2 Bxa2 27.
b5 Bb3 28. a5 Bc4 29. c6 bxc6 30. bxc6 Kf7 31. c7 Be6 32. Bf2 a6 33. Bc5 Bc8 34.
Kf2 Ke6 35. Ke3 Kd7 36. Bf8 g6 37. Bg7 Kxc7 38. Bxf6 Kd6 39. Kf4 Ke6 40. Kg5 Kf7
41. Bc3 h5 42. h4 1/2-1/2

[Event "40th Olympiad Open"]
[Site "Istanbul TUR"]
[Date "2012.09.03"]
[Round "6.22"]
[White "Ringoir, Tanguy"]
[Black "Smeets, Jan"]
[Result "0-1"]
[WhiteTitle "IM"]
[BlackTitle "GM"]
[WhiteElo "2448"]
[BlackElo "2608"]
[WhiteTeam "Belgium"]
[BlackTeam "Netherlands"]
[WhiteFideId "208027"]
[BlackFideId "1007246"]
[EventDate "2012.08.28"]

1. d4 d5 2. c4 c6 3. Nc3 Nf6 4. e3 a6 5. Nf3 b5 6. b3 Bf5 7. Bd3 Bxd3 8. Qxd3 e6
9. O-O Nbd7 10. e4 b4 11. e5 bxc3 12. exf6 Nxf6 13. Qxc3 Ne4 14. Qc2 Bd6 15.
cxd5 cxd5 16. Qc6+ Ke7 17. Ne5 Qc8 18. Qb6 f6 19. Nd3 Qb8 20. Qxb8 Rhxb8 21. Bb2
a5 22. f3 Ng5 23. Rfc1 Kd7 24. Bc3 Nf7 25. Be1 Nd8 26. Nc5+ Bxc5 27. Rxc5 Nc6
28. Rac1 Rb6 29. Bg3 Raa6 30. R1c3 a4 31. h4 axb3 32. axb3 h5 33. Kh2 Ra3 34.
Be1 Ra1 35. Bg3 Rd1 36. b4 Rb1 37. Ra3 R1xb4 38. Ra8 Rxd4 39. Rg8 e5 40. Rxg7+
Ke6 41. Rc2 Rdb4 42. Rh7 Rb2 43. Rc1 Nd4 44. Kh3 Rb1 45. Rxb1 Rxb1 46. Rxh5 Ne2
47. Rh8 Rh1+ 48. Bh2 Nf4+ 49. Kg3 d4 50. h5 d3 0-1